US Airways Fleet (old fleet) - Statistics

General Stats
  • This quiz has been taken 7 times
  • The average score is 8 of 9
Answer Stats
Manufacturer Plane % Correct
Boeing 757-200
100%
Airbus A319-100
100%
Airbus A320-200
100%
Airbus A321-200
100%
Airbus A330-200
100%
Airbus A330-300
100%
Embraer E190
86%
Boeing 737-400 "Classic"
71%
Boeing 767-200ER
71%
No matching quizzes found
Score Distribution
Percent of People with Each Score
Percentile by Number Answered
Your Score History
You have not taken this quiz